Štruktúra devízového trhu

Analýza rastu trhu nových elektronických komunikačných sietí a možností investorov vstupovať na devízový trh. Nové spôsoby obchodovania, ktoré môžu investori využívať.

Na minha lista:
Detalhes bibliográficos
Autor principal: Kmeťko, Miroslav, 1969-
Formato: Capítulo de Livro
Idioma:eslovaco
Assuntos:
Tags: Adicionar Tag
Sem tags, seja o primeiro a adicionar uma tag!

MARC

LEADER 00000naa$a2200000$$$4500
001 0096300
005 20240502072052.9
041 0 |a slo 
044 |a SK 
245 1 0 |a Štruktúra devízového trhu  |c Miroslav Kmeťko 
520 |a Analýza rastu trhu nových elektronických komunikačných sietí a možností investorov vstupovať na devízový trh. Nové spôsoby obchodovania, ktoré môžu investori využívať. 
610 2 0 |a trh devízový 
610 2 0 |a komunikácia elektronická 
610 2 0 |a investori 
100 1 |a Kmeťko, Miroslav, 1969-